| 000 | 01589 a2200253 4500 | ||
|---|---|---|---|
| 001 | 40481 | ||
| 005 | 20260407155659.0 | ||
| 008 | 260407a2014 arg spa d | ||
| 003 | AR-UNSa-BCEJYS | ||
| 040 |
_aAR-UNSa-BCEJYS _bspa _cAR-UNSa-BCEJYS |
||
| 080 |
_a657:006.3 _xNormas Internacionales de Información Financiera (NIIF) |
||
| 245 | 1 | 0 |
_aGrupos económicos en las NIIF _ppreparación de estados financieros consolidados. Combinaciones de negocios |
| 020 | _a978-987-716-015-4 | ||
| 264 | 1 |
_aBuenos Aires : _bOsmar D. Buyatti _c2014 |
|
| 300 |
_a406 p. _c22 cm. |
||
| 505 | _a1. Los estados financieros: conceptos subyacentes no escritos (pero fundamentales para el correcto entendimiento de las NIIF) - 2. El principio de control - 3. Adquisición y estados financieros consolidados: interacción entre la NIIF 3 y la NIFF 10 - 4. El método de la adquisición de la NIIF 3. Aspectos generales - 5. NIIF 3. Cuestiones de aplicación particular - 6. Preparación de estados financieros consolidados: aspectos generales - 7. Preparación de estados financieros consolidados: problemas relacionados con la unidad de medida - 8. La NIC 12 en la preparación de estados financieros consolidados - 9. Consideraciones particulares sobre la medición de las participaciones no controladoras - 10. Pérdida de control | ||
| 041 | _aspa | ||
| 942 | _cBK | ||
| 590 | _aniveau_biblio:m niveau_hierar:0 | ||
| 100 | 1 | _aCasinelli, Hernán Pablo | |
| 650 | _aNIIF | ||
| 856 | 4 | 1 |
_uhttps://biblioeco.unsa.edu.ar/pmb/images/libros/L126030.jpg _yImagen de portada _qimage/jpeg |
| 650 | _a niif | ||
| 999 |
_c3232 _d3232 |
||